Wolfgang Tillmans: lighter /

Enregistré dans:
Détails bibliographiques
Autres auteurs: Ault, Julie, Birnbaum, Daniel, Jäger, Joachim, Tillmans, Wolfgang
Format: Livre
Langue:anglais
allemand
Publié: Ostfildern : Berlin : Hatje Cantz ; SMB, Nationalgalerie Staatliche Museen zu Berlin, [2008]
Tags: Ajouter un tag
Pas de tags, Soyez le premier à ajouter un tag!

MARC

LEADER 00000nam a22000007i 4500
001 IT\ICCU\RMS\2130174
003 ItRI
005 20260115232020.0
008 090203s2008 gw |||||| ||||| |||||c
020 |a 9783775721875 (hardcover; trade edition) 
020 |a 9783886096169 (softcover; museum edition) 
040 |b ita  |c importazione bologna sebina 
041 7 |a eng  |a ger  |2 ISO-639-2 
245 0 0 |a Wolfgang Tillmans: lighter /  |c essays by/von Julie Ault, Daniel Birnbaum, Joachim Jager. 
260 |a Ostfildern :  |b Hatje Cantz ;  |a Berlin :  |b SMB, Nationalgalerie Staatliche Museen zu Berlin,  |c [2008] 
300 |a 399 p. :  |b ill. color. ;  |c 31 cm 
500 |a Catalogo della Mostra tenuta a Berlino nel 2008 
700 1 |a Ault, Julie  |0 IT\ICCU\BVEV\108665 
700 1 |a Birnbaum, Daniel  |0 IT\ICCU\TO0V\403613 
700 1 |a Jäger, Joachim  |0 IT\ICCU\TO0V\543670 
700 1 |a Tillmans, Wolfgang  |0 IT\ICCU\URBV\086155 
942 |2 ddc  |c BK  |n 0 
952 |0 0  |1 0  |4 0  |6 DOC_779_092000000000000_TIL  |7 0  |9 18928  |a BO  |b BO  |d 2026-01-15  |i 12658  |l 0  |o DOC 779.092 TIL  |p BO12658  |r 2026-01-15 23:20:20  |w 2026-01-15  |x [Sebina 7] [1 v.]  |y BK  |z 1 v. 
999 |c 16084  |d 16084